| Tag |
First Indicator |
Second Indicator |
Subfields |
| LEADER |
00000cam a2200000 4500 |
| 001 |
in00000336165 |
| 005 |
20151011055030.0 |
| 008 |
760607s1954 nyu b 00100 engm |
| 010 |
|
|
|a 54012924
|
| 035 |
|
|
|a (OCoLC)02214504
|
| 035 |
|
|
|9 ABM1989AM
|
| 040 |
|
|
|a DLC
|c GUA
|d GUA
|d TXA
|d UtOrBLW
|
| 049 |
|
|
|a TXAM
|c [1555316]
|
| 050 |
0 |
0 |
|a N70
|b .F54
|
| 082 |
0 |
|
|a 701
|
| 100 |
1 |
|
|a Finkelstein, Sidney,
|d 1909-1974.
|
| 245 |
1 |
0 |
|a Realism in art.
|
| 264 |
|
1 |
|a New York :
|b International Publishers,
|c [1954]
|
| 300 |
|
|
|a 190 pages ;
|c 21cm.
|
| 336 |
|
|
|a text
|b txt
|2 rdacontent
|
| 337 |
|
|
|a unmediated
|b n
|2 rdamedia
|
| 338 |
|
|
|a volume
|b nc
|2 rdacarrier
|
| 504 |
|
|
|a "Reference notes": pages 182-186.
|
| 650 |
|
0 |
|a Art
|x Philosophy.
|
| 999 |
|
|
|a MARS
|
| 999 |
f |
f |
|s bf6c4cb6-d351-3d60-a5f5-37283ff42f26
|i fef41697-bd7c-33b5-b7cf-50ec0ff64b42
|t 0
|
| 952 |
f |
f |
|p normal
|a Texas A&M University
|b College Station
|c Sterling C. Evans Library
|d Evans: Library Stacks
|t 0
|e N70 .F54
|h Library of Congress classification
|i unmediated -- volume
|m A14803376180
|
| 998 |
f |
f |
|a N70 .F54
|t 0
|l Evans: Library Stacks
|